Balam mohe curaye liye jaye-nirgun Part. 1 / (Record no. 43235)

MARC details
000 -LEADER
fixed length control field 01038njm a22002537a 4500
005 - DATE AND TIME OF LATEST TRANSACTION
control field 2010083104034.0
007 - PHYSICAL DESCRIPTION FIXED FIELD--GENERAL INFORMATION
fixed length control field sd ammalaaahaa
008 - FIXED-LENGTH DATA ELEMENTS--GENERAL INFORMATION
fixed length control field 100831t xxu||||| |||| 00| 0 hin d
028 ## - PUBLISHER NUMBER
Publisher number N. 16401
Source His Master Voice
028 ## - PUBLISHER NUMBER
Publisher number OMC. 14044
Source His Master Voice
028 ## - PUBLISHER NUMBER
Publisher number OMC. 14043
Source His Master Voice
035 ## - SYSTEM CONTROL NUMBER
System control number GR-105
040 ## - CATALOGING SOURCE
Original cataloging agency SED/VEN
100 ## - MAIN ENTRY--PERSONAL NAME
Personal name Ray, Juthika
9 (RLIN) 17670
245 ## - TITLE STATEMENT
Title Balam mohe curaye liye jaye-nirgun Part. 1 /
Remainder of title Sing by Juthika Ray
246 ## - VARYING FORM OF TITLE
Title proper/short title बालम मोहे चुराए लिए जाये-निर्गुण (जुथिका राय)
260 ## - PUBLICATION, DISTRIBUTION, ETC. (IMPRINT)
Place of publication, distribution, etc Dum Dum, India
Name of publisher, distributor, etc His Master's Voice,
300 ## - PHYSICAL DESCRIPTION
Extent 1 Sound disc : [GR]
Other physical details analog, 33 1/3 rpm
Dimensions 10 in
500 ## - GENERAL NOTE
General note Brief record
505 ## - FORMATTED CONTENTS NOTE
Formatted contents note Naiya pe ho ja svar- nirgun (नैया पे हो जा सवार-निर्गुण) भाग. 2
650 ## - SUBJECT ADDED ENTRY--TOPICAL TERM
Source of heading or term Classical music
General subdivision Excerpts
Geographic subdivision India
9 (RLIN) 17671
942 ## - ADDED ENTRY ELEMENTS (KOHA)
Source of classification or shelving scheme Dewey Decimal Classification
Item type Gramaphone Records
Holdings
Withdrawn status Lost status Source of classification or shelving scheme Damaged status Not for loan Collection code Home library Current library Date acquired Source of acquisition Total Checkouts Barcode Date last seen Copy number Price effective from Koha item type
    Dewey Decimal Classification   Not For Loan Non-fiction Central Library Central Library 31/08/2010 SED/VEN   GR-106 31/08/2010 1 31/08/2010 Gramaphone Records

© Delhi Public Library
Hit Counter
free hit counter